| 000 | 01541nam0a2200301 i 4500 | ||
|---|---|---|---|
| 001 | RU\NLR\bibl\2027345 | ||
| 005 | 20240921192527.0 | ||
| 010 |
_a9785903795475 _9500 |
||
| 021 |
_aRU _b2013-27089 _91872 |
||
| 035 | _a(NLR Aleph) 002015322 | ||
| 090 |
_a4478606 _c4478606 |
||
| 100 | _a20130423d2013 k||y0rusy50 ca | ||
| 101 | 0 | _arus | |
| 102 | _aRU | ||
| 105 | _ay ||||||||| | ||
| 200 | 1 |
_aОхранительная функция права в системе функций права и государства _eмонография _fЛапшина Ольга Сергеевна _gпод науч. ред. д.ю.н., проф. Д.А. Липинского _gМ-во образования и науки Рос. Федерации, Фил. федер. гос. бюджет. обраоват. учреждения высш. проф. образования "Рос. гос. социал. ун-т" в г. Тольятти Самар. обл. |
|
| 210 |
_aТольятти _cФилиал РГСУ в г. Тоьятти _d2013 |
||
| 215 |
_a177 с. _d21 |
||
| 300 | _aНа обороте тит. л. авт.: Лапшина О.С., к.ю.н., доц. | ||
| 320 | _aБиблиогр. в подстроч. примеч. | ||
| 606 | 1 |
_aПраво _xОхранительная функция _92169299 _3RU\NLR\AUTH\6601541658 |
|
| 686 | 1 | _aХ62-2 | |
| 700 | 1 |
_aЛапшина _bО. С. _gОльга Сергеевна _4070 |
|
| 801 | 0 |
_aRU _bNLR _c20130423 _gRCR |
|
| 801 | 1 |
_aRU _bNLR _c20130423 |
|
| 942 | _cBOOK | ||
| 980 | _aNBR | ||